| 000 | 03521nam a22004457a 4500 | ||
|---|---|---|---|
| 005 | 2012080103463.0 | ||
| 008 | 120801t xxu||||| |||| 00| 0 eng d | ||
| 010 | _aG-002101-002120 | ||
| 020 |
_a9788121938723 _c550.00 |
||
| 035 | _aG-002101-002120 | ||
| 037 |
_adpl _bGift |
||
| 050 | _a657.84 | ||
| 082 | _a657.84 | ||
| 100 |
_aTulsian, P.C. _950659 |
||
| 245 |
_aQuick revision for financial management CA-IPCC/ _cby Tulsian P.C |
||
| 260 |
_aNew delhi _bS.Chand _c2010 |
||
| 270 |
_a7361, Ram nagar, _bNew delhi _e110055 |
||
| 300 |
_aVarious Pagings _c25cm (pbk) |
||
| 942 |
_2ddc _cEN _h657.84 _mTUL |
||
| 999 |
_c68814 _d68814 |
||